[Event "XXII Weekend B"]
[Site "Ceriano Laghetto ITA"]
[Date "2013.03.02"]
[Round "3"]
[White "Petetta, Roberto"]
[Black "Giovarruscio, Gabriele"]
[WhiteElo "1651"]
[BlackElo "1747"]
[Result "1/2-1/2"]
[PlyCount "139"]
[EventDate "2013.03.01"]

1. e4 c6 2. d4 d5 3. Nc3 dxe4 4. Nxe4 Bf5 5. Ng3 Bg6 6. Nf3 Nd7 7. Be2 Ngf6 8.
O-O e6 9. c3 Bd6 10. Bg5 h6 11. Be3 Nd5 12. Bc1 Qc7 13. b3 Nxc3 14. Qe1 Nxe2+
15. Qxe2 O-O 16. Nh4 Bh7 17. Nf3 Nf6 18. Re1 Rad8 19. Bb2 Nd5 20. Ne4 Bxe4 21.
Qxe4 a6 22. Rac1 Qa5 23. a4 Nf6 24. Qc2 Qh5 25. Ne5 Ng4 26. Nxg4 Qxg4 27. Re4
Qh5 28. h3 Qd5 29. Rce1 Rd7 30. Bc1 g5 31. Qd1 Kg7 32. Bb2 Kh7 33. Qc2 Qf5 34.
Qc3 Rg8 35. Qd3 Bc7 36. g4 Qg6 37. Qe2 Rd5 38. f3 Rgd8 39. Rd1 Bd6 40. Rc1 Bf4
41. Rc4 h5 42. Bc3 hxg4 43. hxg4 Rh8 44. Rc5 Kg8 45. Bd2 Qh6 46. Bxf4 Qh1+ 47.
Kf2 gxf4 48. Qf1 Qh4+ 49. Ke2 Qg3 50. Kd3 Rh3 51. Rxf4 Rxc5 52. dxc5 e5 53. Rf5
e4+ 54. Kxe4 Rh6 55. Kd4 Qh2 56. Qd3 Qg1+ 57. Kc4 Qc1+ 58. Qc3 Qf1+ 59. Kd4 Re6
60. Re5 Qd1+ 61. Ke4 Qd5+ 62. Kf5 Rxe5+ 63. Qxe5 Qxf3+ 64. Kg5 Qxb3 65. Qe8+
Kg7 66. Qe5+ Kh7 67. Qf5+ Kg7 68. Qe5+ Kg8 69. Qe8+ Kh7 70. Qe4+ 1/2-1/2

[Event "XXII Weekend B"]
[Site "Ceriano Laghetto ITA"]
[Date "2013.03.02"]
[Round "3"]
[White "Podetti, Davide"]
[Black "Prevedello, Daniele"]
[WhiteElo "1742"]
[BlackElo "1634"]
[Result "0-1"]
[PlyCount "106"]
[EventDate "2013.03.01"]

1. e4 e5 2. Nf3 Nc6 3. Bc4 Bc5 4. Nc3 Nf6 5. d3 d6 6. Be3 Bxe3 7. fxe3 Na5 8.
Bb3 Nxb3 9. axb3 O-O 10. h3 Re8 11. g4 h6 12. Qd2 d5 13. exd5 Nxd5 14. Nxd5
Qxd5 15. e4 Qd6 16. Rg1 Re6 17. Nh4 Qd4 18. Nf3 Qxb2 19. Ke2 Rc6 20. Rgc1 f6
21. Nh4 Kh7 22. Nf5 Bxf5 23. gxf5 a6 24. Rab1 Qd4 25. Qe1 Rg8 26. Qg3 g6 27.
Qf2 gxf5 28. Qxf5+ Kh8 29. Qf3 Rg6 30. Kd2 Qc3+ 31. Ke3 Rd6 32. Qf2 Qd4+ 33.
Ke2 Qxf2+ 34. Kxf2 Rc6 35. Rb2 Kg7 36. Rg1 Rxg1 37. Kxg1 Kg6 38. Kg2 f5 39.
exf5+ Kxf5 40. Kf3 Kg5 41. Kg3 Rc3 42. Kf3 Kh4 43. Ke4 Kxh3 44. Kxe5 Kg3 45.
Kd4 Rc6 46. c4 h5 47. Re2 Rd6+ 48. Kc3 Rd7 49. Re5 Rh7 50. Re3+ Kf2 51. Rh3 h4
52. Rh1 h3 53. Kd4 h2 0-1

[Event "XXII Weekend B"]
[Site "Ceriano Laghetto ITA"]
[Date "2013.03.02"]
[Round "3"]
[White "Regorda, Vittorio"]
[Black "Trovero, Leo"]
[WhiteElo "1786"]
[BlackElo "1635"]
[Result "1-0"]
[PlyCount "117"]
[EventDate "2013.03.01"]

1. d4 Nf6 2. c4 g6 3. g3 Bg7 4. Bg2 d6 5. Nc3 O-O 6. Nf3 Nbd7 7. O-O e5 8. h3
exd4 9. Nxd4 Ne5 10. b3 Re8 11. Bb2 c6 12. f4 Ned7 13. Kh2 Nc5 14. e4 Ncxe4 15.
Nxe4 Nxe4 16. Qc2 Nf6 17. Rad1 Qc7 18. Rd2 a6 19. Rfd1 c5 20. Nf3 Bf5 21. Qc1
Ne4 22. Re2 Bxb2 23. Qxb2 Bd7 24. Rde1 Bc6 25. Nd2 Nxd2 26. Qxd2 Rxe2 27. Rxe2
Bxg2 28. Kxg2 Qc6+ 29. Qd5 Qxd5+ 30. cxd5 Kf8 31. Kf3 Re8 32. Rc2 f5 33. b4
cxb4 34. Rc7 Re7 35. Rc8+ Kf7 36. Rd8 Rc7 37. Rxd6 Ke7 38. Rb6 Kd7 39. Rxb4 Kd6
40. Rd4 Rc5 41. a4 Rxd5 42. Rb4 Kc6 43. Rc4+ Rc5 44. Rd4 Kb6 45. Rb4+ Ka7 46.
Rd4 Rc7 47. Rb4 b6 48. g4 fxg4+ 49. hxg4 Rb7 50. Kg3 b5 51. Kh4 h6 52. axb5
axb5 53. f5 gxf5 54. gxf5 Rb6 55. f6 Ka6 56. Rf4 Rb8 57. Kh5 Ka5 58. Kxh6 b4
59. f7 1-0

[Event "XXII Weekend B"]
[Site "Ceriano Laghetto ITA"]
[Date "2013.03.02"]
[Round "3"]
[White "Ronconi, Fausto"]
[Black "Mandaglio, Luca"]
[WhiteElo "1687"]
[BlackElo "1810"]
[Result "0-1"]
[PlyCount "70"]
[EventDate "2013.03.01"]

1. d4 Nf6 2. c4 e6 3. a3 b6 4. Nc3 Ba6 5. b3 Be7 6. Bf4 d6 7. e3 O-O 8. Be2
Nbd7 9. b4 c5 10. dxc5 dxc5 11. Bf3 e5 12. Bxa8 Qxa8 13. Nd5 Nxd5 14. cxd5 exf4
15. e4 cxb4 16. Qa4 Nc5 17. Qc6 Qxc6 18. dxc6 Bf6 19. Ra2 Bc3+ 20. Kd1 Rd8+ 21.
Kc1 b3 22. Re2 b2+ 23. Rxb2 Nd3+ 24. Kc2 Bxb2 25. Nh3 Rc8 26. Rd1 Rxc6+ 27. Kb3
Rc3+ 28. Ka2 Rxa3+ 29. Kb1 Ra1+ 30. Kc2 Rxd1 31. Kxd1 f6 32. Kc2 Bd4 33. f3 g5
34. g4 Nf2 35. Nxf2 Bxf2 0-1

[Event "XXII Weekend B"]
[Site "Ceriano Laghetto ITA"]
[Date "2013.03.02"]
[Round "3"]
[White "Rossi, Giampiero"]
[Black "Guidi, Giacomo G."]
[WhiteElo "1909"]
[BlackElo "1984"]
[Result "0-1"]
[PlyCount "100"]
[EventDate "2013.03.01"]

1. d4 f5 2. Bg5 h6 3. Bh4 c5 4. e3 Qb6 5. b3 cxd4 6. exd4 Qe6+ 7. Kd2 g5 8. Bc4
Qg6 9. Bg3 f4 10. Nf3 d6 11. Nc3 Nf6 12. Qe2 fxg3 13. hxg3 Bf5 14. Rae1 a6 15.
Kc1 Nbd7 16. Be6 Rc8 17. Kb2 b5 18. Bxf5 Qxf5 19. Qe6 Qxe6 20. Rxe6 Kf7 21.
Nxg5+ hxg5 22. Rxf6+ Nxf6 23. Rxh8 b4 24. Ne2 Ne4 25. f3 Nc3 26. Nxc3 Rxc3 27.
Rh1 Ke6 28. Re1+ Kd5 29. Re4 Bg7 30. Rxe7 Bxd4 31. Kc1 Re3 32. Rxe3 Bxe3+ 33.
Kd1 Kd4 34. Ke2 Bc1 35. Kd1 Bb2 36. Kd2 Bc3+ 37. Ke2 a5 38. g4 d5 39. g3 Bb2
40. Kd2 Ba1 41. f4 gxf4 42. gxf4 Bc3+ 43. Ke2 Ke4 44. f5 Kf4 45. Kd3 Kxg4 46.
f6 Bxf6 47. c4 bxc3 48. a3 Kf5 49. b4 axb4 50. axb4 Ke6 0-1

[Event "XXII Weekend B"]
[Site "Ceriano Laghetto ITA"]
[Date "2013.03.02"]
[Round "3"]
[White "Viale, Fabio"]
[Black "Galli, Agostino"]
[WhiteElo "1821"]
[BlackElo "1685"]
[Result "1-0"]
[PlyCount "77"]
[EventDate "2013.03.01"]

1. d4 e6 2. c4 d5 3. Nc3 Nf6 4. Bg5 c6 5. e3 Nbd7 6. Nf3 h6 7. Bh4 Be7 8. Rc1
O-O 9. a3 a5 10. Bd3 Nh7 11. Bxe7 Qxe7 12. Qc2 Ng5 13. Nxg5 Qxg5 14. O-O dxc4
15. Bxc4 e5 16. Ne4 Qe7 17. Rfd1 Nf6 18. Nxf6+ Qxf6 19. d5 cxd5 20. Bxd5 Ra6
21. Be4 Rb6 22. Qxc8 Rxb2 23. Bh7+ Kxh7 24. Qh3 Qxf2+ 25. Kh1 Rb3 26. Rf1 Qxe3
27. Qf5+ g6 28. Qd7 h5 29. Rce1 Qd3 30. Rxf7+ Rxf7 31. Qxf7+ Kh6 32. Qf8+ Kh7
33. Qe7+ Kh6 34. h4 Qg3 35. Qf8+ Kh7 36. Qe7+ Kh6 37. Rf1 Qf4 38. Rxf4 exf4 39.
Qf8+ 1-0

[Event "XXII Weekend B"]
[Site "Ceriano Laghetto ITA"]
[Date "2013.03.03"]
[Round "4"]
[White "Brioschi, Camillo"]
[Black "Lunghi, Samuele"]
[WhiteElo "1831"]
[BlackElo "1487"]
[Result "1/2-1/2"]
[PlyCount "79"]
[EventDate "2013.03.01"]

1. d4 Nf6 2. c4 e6 3. Nc3 Bb4 4. e3 b6 5. Nge2 O-O 6. Ng3 d5 7. a3 Bxc3+ 8.
bxc3 c5 9. cxd5 exd5 10. Bd3 Qe7 11. f3 Re8 12. O-O Ba6 13. Bxa6 Nxa6 14. Qd3
Nc7 15. Ra2 Rad8 16. Re2 Qd7 17. Bb2 Ne6 18. Ref2 a5 19. Rb1 b5 20. Bc1 c4 21.
Qf1 Rb8 22. e4 dxe4 23. fxe4 Nc7 24. Re2 b4 25. axb4 axb4 26. cxb4 Qxd4+ 27.
Be3 Qc3 28. Bf4 Qd4+ 29. Kh1 Rbc8 30. Rd2 Qc3 31. Rc1 Qxb4 32. Rxc4 Qb6 33. Rd6
Qb7 34. Qd3 Ne6 35. Rxc8 Qxc8 36. Be3 Rd8 37. h3 Rxd6 38. Qxd6 Qd8 39. Qe5 Qc7
40. Qxc7 1/2-1/2

[Event "XXII Weekend B"]
[Site "Ceriano Laghetto ITA"]
[Date "2013.03.03"]
[Round "4"]
[White "Burani, Eugenio"]
[Black "Bianchi, Alberto"]
[WhiteElo "1870"]
[BlackElo "1958"]
[Result "0-1"]
[PlyCount "70"]
[EventDate "2013.03.01"]

1. e4 e5 2. Nf3 Nc6 3. Bc4 Be7 4. O-O Nf6 5. Re1 d6 6. h3 O-O 7. c3 Na5 8. Bb5
Bd7 9. Bxd7 Nxd7 10. b4 Nc6 11. a4 Qc8 12. Qb3 Nd8 13. d4 Ne6 14. Na3 Bf6 15.
Be3 Kh8 16. Rad1 a6 17. dxe5 Nxe5 18. Nxe5 Bxe5 19. Nc4 Bf4 20. Rd3 b5 21. axb5
axb5 22. Na5 c5 23. Bxf4 c4 24. Bxd6 cxb3 25. Bxf8 Nxf8 26. Nxb3 Ne6 27. Red1
h6 28. Nd4 Qc4 29. Nxe6 Qxe6 30. Rd5 Qc6 31. Rc5 Qxe4 32. Rxb5 Qc2 33. Rd7 Qc1+
34. Kh2 Qf4+ 35. Kg1 Ra1+ 0-1

[Event "XXII Weekend B"]
[Site "Ceriano Laghetto ITA"]
[Date "2013.03.03"]
[Round "4"]
[White "Carito, Riccardo"]
[Black "Viale, Fabio"]
[WhiteElo "1729"]
[BlackElo "1821"]
[Result "0-1"]
[PlyCount "50"]
[EventDate "2013.03.01"]

1. d4 Nf6 2. c4 e6 3. Nc3 Bb4 4. Qc2 c5 5. e3 d6 6. Bd3 Nc6 7. Nf3 Ba5 8. dxc5
Nb4 9. Qb1 Nxd3+ 10. Qxd3 Bxc3+ 11. Qxc3 dxc5 12. O-O O-O 13. b3 b6 14. Bb2 Bb7
15. Kh1 Qe7 16. Ne5 Rfd8 17. Ng4 Ne8 18. Ne5 Qg5 19. Nf3 Qf5 20. Rg1 Bxf3 21.
gxf3 Qxf3+ 22. Rg2 Rd1+ 23. Rxd1 Qxd1+ 24. Rg1 Qf3+ 25. Rg2 Rd8 0-1

[Event "XXII Weekend B"]
[Site "Ceriano Laghetto ITA"]
[Date "2013.03.03"]
[Round "4"]
[White "Cerutti, Fabio Maria"]
[Black "Monticelli, Francesco"]
[WhiteElo "1723"]
[BlackElo "1748"]
[Result "1-0"]
[PlyCount "77"]
[EventDate "2013.03.01"]

1. e4 c6 2. d4 d5 3. e5 Bf5 4. h4 h6 5. g4 Bh7 6. e6 fxe6 7. Bd3 Nd7 8. Bxh7
Rxh7 9. Qd3 Ndf6 10. Nf3 Ne4 11. Ne5 Qa5+ 12. c3 O-O-O 13. f3 Nef6 14. Ng6 Qb5
15. Qc2 Nd7 16. Nxe7+ Nxe7 17. Qxh7 g6 18. Qf7 Qd3 19. Qf4 Bg7 20. Qe3 Qxe3+
21. Bxe3 e5 22. dxe5 Nxe5 23. Ke2 Nc4 24. b3 Nxe3 25. Kxe3 Re8 26. Kd3 c5 27.
Na3 Nc6 28. Rae1 Ne5+ 29. Kc2 Rf8 30. Nb1 Rxf3 31. g5 hxg5 32. hxg5 Rf2+ 33.
Nd2 Kd7 34. Rh7 Nf3 35. Rxg7+ Kc6 36. Re6+ Kb5 37. Rxb7+ Ka5 38. Rxa7+ Kb5 39.
a4# 1-0

[Event "XXII Weekend B"]
[Site "Ceriano Laghetto ITA"]
[Date "2013.03.03"]
[Round "4"]
[White "Cervini, Gian Piero"]
[Black "Rossi, Giampiero"]
[WhiteElo "1781"]
[BlackElo "1909"]
[Result "1/2-1/2"]
[PlyCount "90"]
[EventDate "2013.03.01"]

1. e4 c5 2. c3 d5 3. exd5 Qxd5 4. Nf3 e6 5. d4 Nc6 6. Be3 cxd4 7. cxd4 Nf6 8.
Nc3 Qd6 9. Bd3 Be7 10. O-O O-O 11. a3 Rd8 12. Qe2 Bd7 13. Rfd1 Rac8 14. Rac1
Be8 15. Bb1 Qb8 16. Ba2 h6 17. d5 exd5 18. Nxd5 Nxd5 19. Bxd5 Bf6 20. g3 Ne7
21. Bf4 Qa8 22. Ba2 Bc6 23. Ne5 Bxe5 24. Bxe5 Ng6 25. Bc3 Rxd1+ 26. Rxd1 Rd8
27. Bxf7+ Kxf7 28. Qc4+ Kf8 29. Bb4+ Ne7 30. Re1 Rd7 31. Qf4+ Ke8 32. Qe5 Kf8
33. Bxe7+ Kg8 34. Qe6+ Kh8 35. Qg6 Qg8 36. Bc5 Rd8 37. Bb4 Qd5 38. Kf1 Qg2+ 39.
Ke2 Re8+ 40. Kd1 Rd8+ 41. Kc1 Qd5 42. Bc3 Qg5+ 43. Qxg5 hxg5 44. Re7 Rd7 45.
Rxd7 Bxd7 1/2-1/2

[Event "XXII Weekend B"]
[Site "Ceriano Laghetto ITA"]
[Date "2013.03.03"]
[Round "4"]
[White "Colombo, Luca"]
[Black "D'Amato, Piergiorgio"]
[WhiteElo "1884"]
[BlackElo "1845"]
[Result "0-1"]
[PlyCount "55"]
[EventDate "2013.03.01"]

1. e4 e6 2. d4 d5 3. e5 c5 4. c3 Nc6 5. Nf3 Qb6 6. a3 Nh6 7. b4 cxd4 8. cxd4
Nf5 9. Bd3 Nfxd4 10. Bb2 Nxf3+ 11. Qxf3 a5 12. b5 Nd4 13. Qe3 Bc5 14. Qg5 O-O
15. Nc3 a4 16. Qh4 g6 17. Bc1 Qa5 18. O-O Qxc3 19. Qf6 Qxd3 20. Bh6 Nf5 21.
Bxf8 Bxf8 22. Qd8 Qxb5 23. Rfc1 Qd7 24. Qb6 Ra6 25. Qb2 Rc6 26. Rxc6 bxc6 27.
Rc1 Ba6 28. Qb6 0-1

[Event "XXII Weekend B"]
[Site "Ceriano Laghetto ITA"]
[Date "2013.03.03"]
[Round "4"]
[White "Galli, Agostino"]
[Black "Greco, Umberto"]
[WhiteElo "1685"]
[BlackElo "1707"]
[Result "1/2-1/2"]
[PlyCount "142"]
[EventDate "2013.03.01"]

1. d4 Nf6 2. Bg5 g6 3. Bxf6 exf6 4. Nf3 Bg7 5. e4 O-O 6. Nc3 d6 7. Bd3 Nc6 8.
O-O Nb4 9. a3 Nxd3 10. Qxd3 f5 11. Rfe1 fxe4 12. Nxe4 Bf5 13. Qb3 b6 14. c3 Be6
15. Qd1 Bh6 16. d5 Bg4 17. h3 Bd7 18. Nfd2 f5 19. Ng3 Qf6 20. Qc2 Rae8 21. Nf3
Qd8 22. Nd4 Re5 23. Qb3 Rfe8 24. Rxe5 Rxe5 25. Nf3 Re7 26. Re1 Rxe1+ 27. Nxe1
Qe7 28. Nf3 Kh8 29. c4 Bg7 30. Nf1 c6 31. Ne3 c5 32. Qc2 f4 33. Nd1 Bf5 34. Qd2
g5 35. Kf1 h6 36. Nc3 Kh7 37. b4 a6 38. bxc5 bxc5 39. a4 Qf6 40. Na2 Qb2 41.
Ke2 Qxd2+ 42. Kxd2 Bd7 43. a5 Bf6 44. Nc3 Bf5 45. Na4 Bd8 46. Nb6 Kg7 47. Kc3
Bf6+ 48. Kb3 Kf7 49. Na8 Bd8 50. Nb6 Ke8 51. Nd2 Bd3 52. Kc3 Bf5 53. Kb2 Bxb6
54. axb6 Kd7 55. Kb3 Kc8 56. Ka4 Kb7 57. Ka5 Bd3 58. g3 fxg3 59. fxg3 h5 60. h4
g4 61. Ka4 Kxb6 62. Kb3 Ka5 63. Kc3 Bg6 64. Nf1 Kb6 65. Ne3 Kc7 66. Ng2 a5 67.
Nf4 Bf7 68. Kb3 Kb6 69. Ka3 Be8 70. Ne6 Bg6 71. Nf4 Be8 1/2-1/2

[Event "XXII Weekend B"]
[Site "Ceriano Laghetto ITA"]
[Date "2013.03.03"]
[Round "4"]
[White "Giovarruscio, Gabriele"]
[Black "Corti, Filippo"]
[WhiteElo "1747"]
[BlackElo "1634"]
[Result "0-1"]
[PlyCount "134"]
[EventDate "2013.03.01"]

1. d4 Nf6 2. c4 g6 3. g3 Bg7 4. Bg2 d6 5. Nf3 O-O 6. O-O Nbd7 7. Nc3 e5 8. e4
Re8 9. Re1 exd4 10. Nxd4 Rb8 11. f3 a6 12. Be3 Ne5 13. b3 Bd7 14. Qd2 b5 15.
cxb5 axb5 16. Bg5 b4 17. Nd5 c5 18. Ne2 Be6 19. Nef4 Nxe4 20. Nxe6 Nxd2 21.
Nxd8 Ndxf3+ 22. Bxf3 Nxf3+ 23. Kf2 Nxe1 24. Rxe1 Bd4+ 25. Kf1 Rbxd8 26. Bxd8
Rxd8 27. Re2 Kf8 28. Rd2 Re8 29. Rd3 Re6 30. Nxb4 Rf6+ 31. Ke2 Rf2+ 32. Ke1
Rxh2 33. Nc6 Rxa2 34. Nxd4 cxd4 35. Rxd4 Ke7 36. b4 Rb2 37. Kf1 h5 38. Kg1 Ke6
39. Kf1 g5 40. Re4+ Kf5 41. Re7 Kf6 42. Rb7 h4 43. g4 d5 44. b5 d4 45. b6 d3
46. Rd7 Rxb6 47. Rxd3 Rb4 48. Rd6+ Ke5 49. Rd7 Ke6 50. Rd8 Rxg4 51. Rh8 f5 52.
Re8+ Kf7 53. Re5 Kf6 54. Re8 h3 55. Re2 Rh4 56. Kg1 Re4 57. Rf2 g4 58. Kh2 f4
59. Ra2 Kf5 60. Ra5+ Re5 61. Ra2 Kg5 62. Kh1 g3 63. Ra1 f3 64. Rg1 Kh4 65. Ra1
Re4 66. Rb1 g2+ 67. Kg1 Kg3 0-1

[Event "XXII Weekend B"]
[Site "Ceriano Laghetto ITA"]
[Date "2013.03.03"]
[Round "4"]
[White "Guidi, Giacomo G."]
[Black "Falchi, Claudio"]
[WhiteElo "1984"]
[BlackElo "1866"]
[Result "1-0"]
[PlyCount "105"]
[EventDate "2013.03.01"]

1. e4 e6 2. d3 d5 3. Nd2 c5 4. Ngf3 Nc6 5. g3 g6 6. Bg2 Bg7 7. O-O Nge7 8. c3
b6 9. Re1 a5 10. a4 Ba6 11. Bf1 O-O 12. e5 Qc7 13. Qe2 h6 14. h4 g5 15. hxg5
hxg5 16. Bh3 g4 17. Bxg4 Ng6 18. Ng5 Qxe5 19. Nxe6 Qxe2 20. Rxe2 fxe6 21. Bxe6+
Kh8 22. Bxd5 Rac8 23. Nc4 Bxc4 24. dxc4 Nce5 25. f4 Nf7 26. f5 Nge5 27. Rh2+
Kg8 28. Bf4 Bf6 29. Re1 Rce8 30. Rhe2 Kg7 31. Kf1 Rh8 32. Bxf7 Kxf7 33. Kg2 Nd3
34. Rxe8 Nxf4+ 35. Kf3 Rxe8 36. Rxe8 Kxe8 37. Kxf4 Ke7 38. g4 Bh4 39. g5 Be1
40. Ke5 Bd2 41. f6+ Kf7 42. Kf5 Bc1 43. g6+ Kg8 44. Ke6 Bg5 45. f7+ Kf8 46. Kd7
Bc1 47. Kc6 Bxb2 48. Kxb6 Bxc3 49. Kxc5 Bb4+ 50. Kb6 Be7 51. Kxa5 Kg7 52. Kb6
Kxg6 53. a5 1-0

[Event "XXII Weekend B"]
[Site "Ceriano Laghetto ITA"]
[Date "2013.03.03"]
[Round "4"]
[White "Mandaglio, Luca"]
[Black "Mazzoccoli, Simone"]
[WhiteElo "1810"]
[BlackElo "1715"]
[Result "1-0"]
[PlyCount "103"]
[EventDate "2013.03.01"]

1. d4 Nf6 2. c4 g6 3. Nc3 Bg7 4. e4 d6 5. f3 O-O 6. Be3 Nc6 7. Qd2 a6 8. Bd3
Rb8 9. Nge2 e5 10. d5 Ne7 11. Bh6 Bd7 12. a4 Qe8 13. b4 Nc8 14. g4 Qe7 15. h4
b6 16. Ng3 a5 17. b5 Kh8 18. Bg5 Kg8 19. O-O-O Kh8 20. Rdg1 Qe8 21. Bh6 Ng8 22.
Bxg7+ Kxg7 23. Nf5+ Kh8 24. Nh6 Qe7 25. Ne2 Qf6 26. h5 Nxh6 27. Qxh6 Qg7 28.
hxg6 Qxh6+ 29. Rxh6 fxg6 30. Rgh1 Rf7 31. Kd2 Ne7 32. g5 Rbf8 33. f4 exf4 34.
Nxf4 Rg7 35. Ke3 Re8 36. Kd4 Rf8 37. R1h4 Rff7 38. Ke3 Rf8 39. e5 Nf5+ 40. Bxf5
Bxf5 41. e6 Re8 42. Rh2 Ree7 43. Ne2 Re8 44. Nd4 Rf8 45. Rf2 Kg8 46. Rh1 Bg4
47. Rf6 Re8 48. Rhf1 Kh8 49. Rf8+ Rxf8 50. Rxf8+ Rg8 51. e7 Bd7 52. Ne6 1-0

[Event "XXII Weekend B"]
[Site "Ceriano Laghetto ITA"]
[Date "2013.03.03"]
[Round "4"]
[White "Mandaglio, Stefano"]
[Black "Regorda, Vittorio"]
[WhiteElo "1815"]
[BlackElo "1786"]
[Result "1-0"]
[PlyCount "139"]
[EventDate "2013.03.01"]

1. e4 e6 2. Nf3 d5 3. e5 c5 4. b4 Bd7 5. bxc5 Bxc5 6. d4 Bb6 7. Bd3 Nc6 8. c3
Nge7 9. Ba3 h6 10. Nbd2 O-O 11. O-O g6 12. Qc2 Kg7 13. Rab1 f6 14. exf6+ Rxf6
15. Rfe1 Rb8 16. Nb3 Rxf3 17. gxf3 Qf8 18. Nc5 Bxc5 19. Bxc5 b6 20. Bd6 Rc8 21.
f4 Qf7 22. Qd2 Nf5 23. Be5+ Kh7 24. Bxf5 gxf5 25. Kh1 Nxe5 26. fxe5 Qh5 27. Qe3
Qg5 28. f4 Qe7 29. Rg1 Be8 30. Qg3 Bh5 31. h3 Qf7 32. Rb2 Rg8 33. Qxg8+ Qxg8
34. Rxg8 Kxg8 35. Rb3 Be2 36. Ra3 a5 37. Rb3 b5 38. Rb2 Bc4 39. Kg2 a4 40. Kg3
a3 41. Rg2 Kh7 42. Kh4 Bd3 43. Kg3 Bf1 44. Rf2 Bc4 45. Kf3 Kg6 46. Rg2+ Kh7 47.
h4 h5 48. Ke3 Bf1 49. Rh2 Kg7 50. Kd2 Bc4 51. Rg2+ Kf7 52. Rg5 Bxa2 53. Rxh5
Kg7 54. Rg5+ Kh6 55. h5 Bb3 56. Kc1 Bc4 57. Rg6+ Kxh5 58. Rxe6 Kg4 59. Rc6 Kxf4
60. e6 Be2 61. e7 Bh5 62. Re6 Kg3 63. e8=Q Bxe8 64. Rxe8 f4 65. Re5 f3 66. Rxd5
Kf4 67. Rd8 Ke4 68. Rf8 Ke3 69. d5 f2 70. d6 1-0

[Event "XXII Weekend B"]
[Site "Ceriano Laghetto ITA"]
[Date "2013.03.03"]
[Round "4"]
[White "Megna, Giuseppe"]
[Black "Galimberti, Maurizio"]
[WhiteElo "1855"]
[BlackElo "1658"]
[Result "1-0"]
[PlyCount "73"]
[EventDate "2013.03.01"]

1. d4 Nc6 2. Bf4 e6 3. c4 Nce7 4. e4 Ng6 5. Bg3 Nf6 6. Bd3 Bb4+ 7. Nd2 O-O 8.
a3 Bxd2+ 9. Qxd2 Nh5 10. Ne2 Nxg3 11. hxg3 d6 12. Nf4 Qf6 13. Be2 Nxf4 14. gxf4
Qg6 15. O-O-O f5 16. e5 Qxg2 17. Qe3 Qe4 18. Qh3 Qxf4+ 19. Kb1 Qh6 20. Bh5 Bd7
21. Qg2 g6 22. Rdg1 Qg7 23. f4 Bc6 24. d5 exd5 25. cxd5 Be8 26. e6 Bb5 27. Rh3
c6 28. Qd2 Rae8 29. Bf3 Re7 30. Qb4 Bd3+ 31. Ka2 c5 32. Qe1 b6 33. Rgh1 Rfe8
34. Rh6 Rc8 35. Rxh7 Qxh7 36. Rxh7 Kxh7 37. Qh4+ 1-0

[Event "XXII Weekend B"]
[Site "Ceriano Laghetto ITA"]
[Date "2013.03.03"]
[Round "4"]
[White "Miracola, Giorgia"]
[Black "Ronconi, Fausto"]
[WhiteElo "1873"]
[BlackElo "1687"]
[Result "1-0"]
[PlyCount "129"]
[EventDate "2013.03.01"]

1. Nf3 d5 2. g3 e6 3. Bg2 Nf6 4. O-O Be7 5. d4 O-O 6. c4 Nc6 7. Nc3 a6 8. a3
dxc4 9. e4 b5 10. d5 Na5 11. Qc2 Nb3 12. Rb1 exd5 13. exd5 Bd6 14. Bg5 Bg4 15.
Rbd1 h6 16. Be3 Qd7 17. Nd2 Bxd1 18. Rxd1 Nxd2 19. Qxd2 Ng4 20. Bh3 f5 21. Bd4
Rae8 22. Ne2 Be5 23. Bc5 Rf7 24. Bg2 Bd6 25. Bxd6 Qxd6 26. Nf4 Qe5 27. Ne6 Qd6
28. Qc2 Ne5 29. a4 Nd3 30. axb5 axb5 31. b3 Rxe6 32. dxe6 Qxe6 33. bxc4 bxc4
34. Qa2 Re7 35. Rxd3 cxd3 36. Bd5 Kf7 37. Bxe6+ Rxe6 38. Qd5 g6 39. Qxd3 c6 40.
Qc4 Ke7 41. Qc5+ Kf7 42. h4 h5 43. f4 Rf6 44. Qe5 Re6 45. Qc7+ Ke8 46. Qc8+ Ke7
47. Kf2 Kf7 48. Qd7+ Kf6 49. Kf3 Re7 50. Qxc6+ Kf7 51. Qd5+ Re6 52. Kg2 Ke7 53.
g4 hxg4 54. h5 gxh5 55. Qxf5 Rf6 56. Qe5+ Re6 57. Qxh5 Rf6 58. Qxg4 Rf7 59. Kf3
Kf8 60. Ke4 Re7+ 61. Kd5 Rf7 62. f5 Rd7+ 63. Ke6 Re7+ 64. Kd6 Rg7 65. Qxg7+ 1-0

[Event "XXII Weekend B"]
[Site "Ceriano Laghetto ITA"]
[Date "2013.03.03"]
[Round "4"]
[White "Pinna, Ferdinando"]
[Black "Nunziata, Vincenzo"]
[WhiteElo "1945"]
[BlackElo "1673"]
[Result "1/2-1/2"]
[PlyCount "53"]
[EventDate "2013.03.01"]

1. e4 d6 2. d4 Nf6 3. Nc3 g6 4. Nf3 Bg7 5. Be2 O-O 6. O-O c6 7. Be3 Nbd7 8. h3
Qc7 9. Qd2 b5 10. a3 Rd8 11. Bh6 Bb7 12. Bxg7 Kxg7 13. Qe3 Nb6 14. Bd3 a6 15.
Ne2 c5 16. c3 Nc4 17. Bxc4 bxc4 18. Ng3 a5 19. Rfd1 Rab8 20. Rd2 d5 21. e5 Ne4
22. Nxe4 dxe4 23. Ng5 Qc6 24. f3 exf3 25. Nxf3 Qe4 26. Re1 Qxe3+ 27. Rxe3
1/2-1/2

[Event "XXII Weekend B"]
[Site "Ceriano Laghetto ITA"]
[Date "2013.03.03"]
[Round "4"]
[White "Prevedello, Daniele"]
[Black "Laico, Emanuele"]
[WhiteElo "1634"]
[BlackElo "1813"]
[Result "1-0"]
[PlyCount "81"]
[EventDate "2013.03.01"]

1. c4 Nf6 2. Nc3 g6 3. Nf3 Bg7 4. g3 d6 5. Bg2 O-O 6. O-O Nc6 7. d3 Bd7 8. Rb1
a5 9. Bd2 Qc8 10. Re1 Nd8 11. Qc2 c5 12. a3 Nc6 13. Na2 Rb8 14. b4 axb4 15.
axb4 b6 16. b5 Nd8 17. Ng5 Qc7 18. Ne4 Nxe4 19. Bxe4 Bc8 20. Nc3 e6 21. Ra1 Bb7
22. Bxb7 Qxb7 23. Bf4 e5 24. Bd2 Ne6 25. Ra6 Ra8 26. Rea1 Rxa6 27. Rxa6 Ra8 28.
Qa2 Rxa6 29. Qxa6 Qxa6 30. bxa6 Nc7 31. a7 f5 32. Nb5 Na8 33. Nxd6 Kf8 34. Kg2
Ke7 35. Nb5 Bf6 36. Kf3 Kd7 37. e4 fxe4+ 38. Kxe4 Ke6 39. f4 exf4 40. Bxf4 Be7
41. Nc7+ 1-0

[Event "XXII Weekend B"]
[Site "Ceriano Laghetto ITA"]
[Date "2013.03.03"]
[Round "4"]
[White "Trovero, Leo"]
[Black "Petetta, Roberto"]
[WhiteElo "1635"]
[BlackElo "1651"]
[Result "0-1"]
[PlyCount "64"]
[EventDate "2013.03.01"]

1. e4 c5 2. Nf3 Nc6 3. d4 cxd4 4. Nxd4 d6 5. Nc3 e6 6. Be3 a6 7. Be2 Bd7 8. O-O
Nf6 9. h3 Be7 10. Qd2 O-O 11. Rad1 b5 12. a3 Qc7 13. f4 Rac8 14. Nxc6 Bxc6 15.
Bf3 Rfd8 16. g4 Qb7 17. Qd3 d5 18. e5 Ne4 19. Bxe4 dxe4 20. Qe2 a5 21. Qf2 b4
22. axb4 axb4 23. Ne2 Bb5 24. Rxd8+ Rxd8 25. Ra1 Bxe2 26. Qxe2 Qd5 27. b3 g5
28. Rf1 gxf4 29. Bxf4 Bc5+ 30. Kh2 Bd4 31. Qd2 Qc5 32. Be3 Bxe5+ 0-1

[Event "XXII Weekend B"]
[Site "Ceriano Laghetto ITA"]
[Date "2013.03.03"]
[Round "5"]
[White "Bianchi, Alberto"]
[Black "Prevedello, Daniele"]
[WhiteElo "1958"]
[BlackElo "1634"]
[Result "1-0"]
[PlyCount "65"]
[EventDate "2013.03.01"]

1. e4 c5 2. Nf3 Nc6 3. Nc3 d6 4. d4 cxd4 5. Nxd4 Nf6 6. Be3 Bd7 7. f3 a6 8. Qd2
e6 9. Bc4 b5 10. Nxc6 Bxc6 11. Bd3 Be7 12. Qf2 b4 13. Ne2 Qd7 14. O-O O-O 15.
c4 bxc3 16. Nxc3 Ne8 17. Rfd1 Nc7 18. Rd2 Nb5 19. Na4 Qb7 20. Nb6 Rab8 21. Nc4
Rfd8 22. Rc1 Qd7 23. Rdc2 Rdc8 24. a4 Nc7 25. Nb6 Rxb6 26. Bxb6 Na8 27. Be3 Bb7
28. Rxc8+ Bxc8 29. Qe2 a5 30. Bb5 Qb7 31. Qc4 Bd7 32. Bxd7 Qxd7 33. Qc8+ 1-0

[Event "XXII Weekend B"]
[Site "Ceriano Laghetto ITA"]
[Date "2013.03.03"]
[Round "5"]
[White "Corti, Filippo"]
[Black "Brioschi, Camillo"]
[WhiteElo "1634"]
[BlackElo "1831"]
[Result "1-0"]
[PlyCount "109"]
[EventDate "2013.03.01"]

1. Nf3 Nf6 2. g3 b6 3. Bg2 Bb7 4. d4 d5 5. O-O e6 6. Nbd2 Nbd7 7. c4 Be7 8. Qa4
O-O 9. Ne5 Nxe5 10. dxe5 Nd7 11. Nf3 Nc5 12. Qc2 dxc4 13. Qxc4 Qd5 14. Qg4 Qe4
15. Qxe4 Bxe4 16. Be3 Nd7 17. Rfd1 Rad8 18. Rd4 Bxf3 19. Bxf3 Nxe5 20. Bg2 c5
21. Ra4 a5 22. Bf4 Bf6 23. Re4 Rd5 24. Re3 Nc4 25. Bxd5 Nxe3 26. Bxe6 fxe6 27.
Bxe3 Rd8 28. Kf1 Rd6 29. Rb1 c4 30. Ke1 b5 31. Bf4 Rd5 32. e4 Rd7 33. e5 Be7
34. Ke2 Bc5 35. Be3 Bxe3 36. Kxe3 g5 37. f4 Rd3+ 38. Ke2 g4 39. Rd1 Rxd1 40.
Kxd1 Kf7 41. Kd2 Kg6 42. b3 cxb3 43. axb3 Kf5 44. Kc3 h5 45. Kd4 h4 46. Kc5 a4
47. bxa4 bxa4 48. Kb4 hxg3 49. hxg3 Kg6 50. Kxa4 Kf7 51. Kb5 Ke8 52. Kc6 Ke7
53. Kc7 Ke8 54. Kd6 Kf7 55. Kd7 1-0